000 00870nam a2200277 a 4500
001 000037588
003 DO-SdBNP
005 20241016101930.0
007 000037588
008 110113s 1999 dr a 100 j spa d
020 _a8489539669
040 _aBPMSU
_bspa
_cBPMSU
082 0 4 _aRD863.44
_bB742c, 1999
_222
100 1 _aBosch, Juan,
_d1909-2001
_91
245 1 0 _aCuento de navidad /
_cJuan Bosch ; ilustración Tamara Marrosu
260 _aSanto Domingo :
_bEditora de Colores,
_c1999
300 _a107 p. :
_bil. ;
_c26 cm.
590 _aInventariado,2024/VM
650 4 _aCuentos juveniles dominicanos
650 4 _aLiteratura juvenil dominicana
650 4 _aReyes magos
_vCuentos
700 1 _aMarrosu, Tamara
_eilustraciones
710 2 _aBanco de Reservas (República Dominicana)
910 _aVMateo V. Control de calidad BPMSU
942 _2ddc
_cBK
999 _c14829
_d14829